[Event "EU-Cup 18th"]
[Site "Kallithea"]
[Date "2002.09.26"]
[Round "5.4"]
[White "Mastrovasilis, Dimitrios"]
[Black "Soffer, Ram"]
[Result "1-0"]
[WhiteElo "2462"]
[BlackElo "2492"]
[Annotator "Ftacnik,L"]
[PlyCount "123"]
[EventDate "2002.09.22"]
[EventType "team-swiss"]
[EventRounds "7"]
[EventCountry "GRE"]
[SourceTitle "CBM 092"]
[Source "ChessBase"]
[SourceDate "2003.02.06"]
[SourceVersion "1"]
[SourceVersionDate "2003.02.06"]
[SourceQuality "1"]
[WhiteTeam "Northern CA of DEI"]
[BlackTeam "Saba Hapoel"]
[WhiteTeamCountry "GRE"]
[BlackTeamCountry "ISR"]

1. e4 c5 2. Nf3 Nc6 3. Nc3 e6 4. d4 cxd4 5. Nxd4 Qc7 6. Be2 a6 7. O-O Nf6 8.
Be3 Be7 9. a4 O-O 10. f4 d6 11. Kh1 Re8 12. a5 Nxa5 13. e5 dxe5 14. fxe5 Qxe5
15. Bf4 Qc5 16. Na4 Qa7 17. Bc7 b5 18. Nb6 Qxc7 19. Nxa8 Qd8 20. Rxa5 Bb7 21.
Bf3 Nd5 22. Ra1 {The first independent move in a very sharp line, black should
be able to hold balance with two pawns for the exchange.} (22. Qa1 Bd6 23. Rxa6
Be5 24. Bxd5 Qxd5 25. Nf3 Bxa6 26. Nb6 Qb7 27. Nxe5 Qxb6 28. Rxf7 Qd4 29. Qe1
Rd8 30. Rf1 Bb7 31. Qg3 {1-0 Moroz,A-Savchenko,S/Ordzhonikidze 2000/ (75)})
22... Ne3 (22... Qxa8 $5 23. Qd3 (23. Nxb5 Qb8 24. Bxd5 Bxd5 25. Nc3 Bc4 26.
Rf3 Qxb2 $11) 23... Bf6 $13) 23. Nc6 (23. Bxb7 Nxd1 24. Rfxd1 Qb8 25. Bf3 Bf6
26. Rxa6 Bxd4 27. Rxd4 Qe5 28. Rd1 Qxb2 29. Nc7 $14) 23... Qxa8 (23... Nxd1 24.
Nxd8 Bxf3 25. gxf3 Rxd8 (25... Nxb2 26. Nc6 $18) (25... Ne3 $5 26. Nc6 Rxa8 27.
Nxe7+ Kf8 28. Nc6 (28. Rg1 Kxe7 29. Rxg7 $13) 28... Nxf1 29. Rxf1 Rc8 $11) 26.
Rfxd1 Rxa8 27. Rd7 Kf8 28. c3 $14) 24. Qd7 Kf8 (24... Nxf1 25. Nxe7+ Rxe7 26.
Qxe7 Bxf3 27. Rxa6 (27. gxf3 Ne3 28. Kg1 h6 29. Ra3 Nd5 $15) 27... Bxg2+ 28.
Kg1 Qf8 29. Qxf8+ Kxf8 30. Kxg2 Ne3+ 31. Kf3 Nxc2 32. Ke4 $11) 25. Rf2 Nc4 $6 {
Not a real mistake but definitely not the toughest move, position was still
teenable for black.} (25... Ng4 $5 26. Re2 (26. Bxg4 Bxc6 27. Qc7 Bf6 $11)
26... Bc5 27. Rf1 Nf6 28. Qc7 Rc8 29. Qe5 Bxc6 30. Qxc5+ Kg8 $11) 26. Be4 (26.
b3 Nb6 27. Qc7 $14) 26... Nd6 (26... Bf6 27. c3 h6 $13) 27. Nxe7 (27. Qxe6 Qc8
(27... Bxc6 $2 28. Bxc6 Qxc6 29. Rxf7+ $18) 28. Qxc8 Rxc8 29. Nxe7 Nxe4 30.
Nxc8 Nxf2+ 31. Kg1 Nh3+ 32. gxh3 Bxc8 33. Kf2 $11) 27... Bxe4 (27... Nxe4 $4
28. Ng6+ $1 hxg6 29. Qxf7#) 28. Qxd6 Rxe7 29. Rxa6 Qd5 (29... Qc8 30. Rb6 Bb7
31. Rxb5 $18) 30. Qxd5 Bxd5 (30... exd5 31. Rb6 Re5 32. Rb8+ Ke7 33. c3 $16)
31. Rd2 {[%mdl 4096] The endgame is very dangerous for black, as he has only
one pawn for the exchange.} Rc7 32. Rb6 Bc6 33. Kg1 Ke7 34. Kf2 f6 35. c3 h5
36. Rb8 e5 37. Rdd8 Ra7 (37... Ke6 38. Rdc8 $14) 38. Rg8 Kf7 39. Rgc8 Bd7 40.
Ra8 Rb7 41. Rc5 (41. Rcb8 Rc7) 41... Kg6 42. Ra6 Kf7 43. Ke3 Ke7 44. Ke4 Kf7 (
44... h4 $5) 45. h4 Ke7 46. b4 Kf7 47. Kd5 $1 Bf5 48. c4 Rd7+ (48... Bd3 49.
Rxb5 Rd7+ 50. Kc6 Bxc4 51. Rc5 Rd4 52. b5 $18) 49. Kc6 bxc4 50. b5 (50. Rxc4
Rd2 51. Ra7+ Kg6 (51... Ke6 52. Rxg7 Bd3 53. Rc5 Be4+ 54. Kc7 Ra2 55. Rg8 Bxg2
56. b5 $16) 52. b5 $16) 50... Re7 $2 {After this timid move black has no
chance against the dangerous b pawn. The only chance was to give up the bishop
and fight with pawns for the rook.} (50... Rd4 $1 51. b6 Be4+ 52. Kb5 Bxg2 53.
Ra7+ Kg6 54. Rcc7 (54. b7 Bxb7 55. Rxb7 Rxh4 56. Rcc7 Kf5 57. Rxg7 $14) 54...
Kf5 55. Rxg7 Bd5 56. b7 Bxb7 57. Raxb7 Rxh4 $14) 51. Rxc4 Bd3 52. Rca4 Kg6 (
52... e4 53. Ra7 e3 54. b6 e2 55. Rxe7+ Kxe7 56. Ra1 $18) 53. Ra7 Re6+ 54. Kc5
e4 55. b6 Re5+ 56. Kd4 $1 (56. Kd6 e3 57. b7 Rb5 $16) 56... Rb5 (56... e3 $2
57. b7 e2 58. Ra1 Rb5 59. Kxd3 $18) 57. b7 Rb3 (57... Rb6 58. Kc3 Rc6+ 59. Kb3
Rb6+ 60. Rb4 Bb5 61. Rxe4 Kf5 62. Rb4 $18) 58. Ra3 Rb1 59. Kc3 Rc1+ 60. Kb4
Rc4+ (60... Rb1+ 61. Rb3 $18) 61. Kb3 Rc1 62. Ra1 (62. Ra1 Rc5 63. R7a5 Bc4+
64. Kb2 $18) 1-0

[Event "MK Cafe Cup-A"]
[Site "Koszalin"]
[Date "1999.08.12"]
[Round "9"]
[White "Brodsky, Michail"]
[Black "Poluljahov, Aleksandr"]
[Result "1/2-1/2"]
[WhiteElo "2512"]
[BlackElo "2554"]
[Annotator "Ftacnik,L"]
[PlyCount "174"]
[EventDate "1999.08.03"]
[EventType "swiss"]
[EventRounds "9"]
[EventCountry "POL"]
[SourceTitle "CBM 073"]
[Source "ChessBase"]
[SourceDate "1999.12.01"]
[SourceVersion "1"]
[SourceVersionDate "1999.12.01"]
[SourceQuality "1"]

1. e4 c5 2. Nf3 e6 3. d4 cxd4 4. Nxd4 Nc6 5. Nc3 Qc7 6. Be2 a6 7. O-O Nf6 8.
Be3 d6 9. f4 Be7 10. a4 O-O 11. Kh1 Re8 12. Bf3 Bd7 13. Nb3 b6 14. g4 Bc8 15.
g5 Nd7 16. Bg2 Bb7 17. Qg4 Nb4 18. Rf2 Bf8 19. Qh3 (19. Rd1 g6 20. Qg3 Rac8 21.
Rfd2 d5 22. e5 Nc5 23. Nd4 Ne4 24. Nxe4 dxe4 25. Ne2 {1-0 Anand,V-Van Wely,L/
Monte Carlo/1998/ (36)}) 19... g6 20. f5 (20. Raf1 Re7 21. Nc1 Bg7 22. Nd3 Nxd3
23. cxd3 Nc5 24. f5 exf5 25. exf5 Nxd3 {1/2-1/2 Pavlovic,M-Pikula,D/Budva/1996/
(30)}) 20... Ne5 21. Rd1 Rad8 22. Nd4 (22. fxe6 fxe6 23. Nd4 Bc8 24. Rdf1 Bg7
$13) 22... exf5 23. exf5 Bxg2+ 24. Qxg2 d5 $1 {As always in this type of
positions d5 square is quite vital for the success of the defense.} 25. Bf4 (
25. Qg3 Bd6 26. Bf4 Nc4 $14) 25... Qc8 26. Re2 Nec6 27. fxg6 (27. Rxe8 Rxe8 28.
Nxc6 Qxc6 29. fxg6 fxg6 30. Bg3 d4 31. Qxc6 Nxc6 32. Nd5 Re2 33. c3 $15) 27...
hxg6 28. Nxc6 Rxe2 $1 (28... Qxc6 29. Be5 $13) 29. Nxe2 Qxc6 30. Nd4 (30. c3
Qxa4 31. Rd4 Qa1+ 32. Ng1 Nc6 33. Rxd5 Rxd5 34. Qxd5 Bc5 35. Qg2 Bxg1 36. Qxg1
Qxb2 37. Qe3 $15) 30... Qxa4 31. Be5 $6 {White's strategy has failed to a
degree, so he has to fight well to get some compensation for the missing pawn.}
(31. b3 $1 Qe8 (31... Qa5 $2 32. c3) 32. Bc7 Rc8 33. Bxb6 Qe4 $11) (31. Bc7 Rc8
32. b3 Qa5 33. Be5 Re8 $15) 31... Re8 32. Bf6 Qd7 33. Qf3 (33. c3 $6 Nd3 $1)
33... Re4 34. c3 Nc6 35. Ne2 (35. Nxc6 Qxc6 36. Qh3 Bg7 37. Bxg7 Kxg7 $17)
35... Qe6 36. Nf4 Qf5 37. Qh3 Qxh3 38. Nxh3 Be7 (38... Re2 $5 39. Nf4 (39. Rxd5
Rxb2 40. Nf4 a5 $17) 39... Rxb2 40. Nxd5 b5 41. Nc7 Ra2 $17) 39. Nf2 Rf4 (39...
Re2 40. Ng4 Rxb2 41. c4 Bxf6 42. Nxf6+ Kg7 43. cxd5 Ne5 44. d6 Nf3 45. Ng4 $13)
40. Nd3 Re4 41. Nf2 Rf4 42. Nd3 Rf5 (42... Rf3 43. Kg2 Rf5 44. Bxe7 Nxe7 45. h4
$15) 43. Bxe7 Nxe7 44. h4 Nc6 (44... f6 45. gxf6 Nc6 46. Kg2 (46. Nb4 $2 Nxb4
47. cxb4 Kf7 $19) 46... Kf7 $17) 45. Kg2 f6 46. gxf6 Kf7 47. Re1 Rxf6 (47...
Kxf6 48. Re8 $1 $132) 48. Kg3 d4 49. Rc1 (49. cxd4 Nxd4 50. Ne5+ Kg7 $17) 49...
Re6 50. Nf4 Rd6 51. Kf3 dxc3 (51... d3 52. Rd1 d2 53. Ke2 Ne5 54. Rxd2 Rxd2+
55. Kxd2 Nf3+ 56. Kd3 Nxh4 57. Nd5 b5 58. Nc7 $11) 52. Rxc3 Nd4+ 53. Ke4 Nb5 (
53... Ne6 54. Ke5 Rd2 55. Nxe6 Re2+ 56. Kd5 Rxe6 57. Rc6 $1 $11) 54. Rg3 Rf6
55. h5 $1 gxh5 56. Nxh5 Rf2 (56... Re6+ 57. Kd3 $15) 57. Rf3+ $1 {The material
in the knight endgame is so limited, that white can reasonably hope to survive.
} Rxf3 58. Kxf3 Ke6 59. Nf4+ (59. Ke4 Kd6 60. Nf4 a5 61. Nd3 a4 62. Ne5 $17)
59... Ke5 60. Ke3 a5 61. Ne2 Kd5 62. Kd3 Kc5 63. Nf4 a4 (63... Kb4 64. Nd5+ Kb3
$2 65. Nxb6 $11) 64. Ne2 Kb4 65. Nc1 Nc7 (65... Nd6 66. Kc2 $15) 66. Kc2 Ne6
67. Nd3+ Kc4 68. Ne5+ Kd4 69. Nf3+ Kc5 (69... Kc4 70. Ne5+ (70. b3+ $6 axb3+
71. Kb2 Kb4 72. Ne5 Nc5 73. Nc6+ Ka4 74. Ne5 b5 $17) 70... Kd4 71. Nf3+ $15)
70. Nd2 b5 71. Ne4+ (71. b3 $6 a3 72. Kb1 b4 $17) 71... Kb4 72. Nd2 Nd4+ 73.
Kb1 Kc5 74. Ka2 b4 75. Ne4+ Kd5 (75... Kc4 76. Kb1) 76. Nf6+ Kc4 77. Ne4 Kd5
78. Nf6+ Kc5 79. Ne4+ Kc4 80. Kb1 (80. Nd6+ Kd3 81. Nb7 Nb3 $17) 80... Nf3 81.
Nf2 Kd4 (81... b3 82. Nd1 Kd3 83. Nc3 a3 84. Na2 $1 $11) 82. Kc2 Ne5 83. Nd1
Nd3 84. Kb1 Ne5 85. Kc2 Ng4 86. Kd2 Ke4 87. Nc3+ $1 bxc3+ (87... bxc3+ 88. Kxc3
Ne3 89. Kb4 $11) 1/2-1/2

[Event "Budapest zt-B"]
[Site "Budapest"]
[Date "1993.??.??"]
[Round "11"]
[White "Spasov, Vasil"]
[Black "Istratescu, Andrei"]
[Result "1-0"]
[WhiteElo "2520"]
[BlackElo "2470"]
[Annotator "Ftacnik,L"]
[PlyCount "71"]
[EventDate "1993.03.??"]
[EventType "tourn"]
[EventRounds "11"]
[EventCountry "HUN"]
[EventCategory "9"]
[SourceTitle "CBM 034"]
[Source "ChessBase"]
[SourceDate "1993.06.01"]
[SourceVersion "1"]
[SourceVersionDate "1993.06.01"]
[SourceQuality "1"]

1. e4 c5 2. Nf3 d6 3. d4 cxd4 4. Nxd4 Nf6 5. Nc3 a6 6. a4 e6 7. Be2 Be7 8. O-O
O-O 9. f4 Nc6 10. Be3 Qc7 11. Qe1 Nxd4 12. Bxd4 e5 13. Be3 exf4 14. Bxf4 Be6
15. Qg3 Nd7 16. Bh6 Qc5+ 17. Kh1 Qe5 18. Bf4 Qc5 19. Be3 (19. Nd5 Bxd5 20. exd5
(20. Bh6 g6 (20... Qd4 21. exd5 Kh8 22. c3 Qe5 23. Qxe5 Nxe5 24. Be3 Rac8 25.
a5 f5 26. Ra4 g6 27. Rb4 Rc7 28. Bh6 $14 {Tal,M-Ftacnik,L/Tallinn/1981/}) 21.
Bxf8 Bxf8 22. exd5 Qxc2 23. Qe3 $1 (23. Qf2 Ne5 24. b4 Bh6 25. b5 a5 26. Qh4
Be3 27. Rae1 Bc5 28. Qe7 $13 {Palac,M-Borriss,M/Kecskemet GM (07)/1991/}) 23...
Qc7 $6 (23... Qxb2 $5 24. Rab1 Qa2 25. Rxb7 Ne5 (25... Qxa4 26. Rxf7 $5 $16)
26. Qe4 $14) 24. b4 Qd8 25. Rac1 Ne5 26. Rc2 $1 Be7 27. a5 $6 (27. Qc3 $1 $16 {
/\ Qc7}) 27... Bg5 28. Qc3 {Dolmatov,S-Aseev,K/Klaipeda/1988/} b6 $1 $14) 20...
Rfe8 21. c4 a5 (21... Bh4 22. Qxh4 Rxe2 23. b3 Rae8 24. Qg3 Ne5 25. Rae1 Rxe1
26. Rxe1 f6 27. Qc3 $14 {Dolmatov-Loginov/Volgodonsk otbor/1983/}) 22. Bd3 Qc7
23. Rf2 Bf8 24. Raf1 g6 25. h4 Nc5 26. h5 Ne4 27. Bxe4 Rxe4 28. b3 $13 {
Dolmatov,S-Renet,O/Clermont-Ferrand/1989/}) 19... Qe5 20. Bf4 Qc5 21. Nd5 Bxd5
22. exd5 Qxc2 $2 23. Bd3 Qxb2 24. Qh3 Nf6 25. Rab1 Qd4 26. Rxb7 Rae8 (26... Bd8
27. Bxd6 Re8 28. Rxf6 Re1+ 29. Rf1 Rxf1+ 30. Bxf1 Qxd5 31. Qf3 $18) 27. Bg5 h6
(27... g6 28. Rxe7 Rxe7 29. Bxf6 $18) 28. Rxe7 $1 hxg5 (28... Rxe7 29. Bxf6
gxf6 30. Qf5 $18) 29. Rxf6 $1 Qa1+ (29... g6 30. Rxg6+ fxg6 31. Qh7#) 30. Rf1
Qxf1+ 31. Bxf1 Rxe7 32. Kg1 Rb8 33. Qc3 g6 34. Bxa6 Rb1+ 35. Kf2 Re5 36. Bc4
1-0

[Event "ESP-chT Honor Gp1 49th"]
[Site "Merida"]
[Date "2005.08.28"]
[Round "5"]
[White "Rodriguez Guerrero, Enrique"]
[Black "Vehi Bach, Victor Manuel"]
[Result "1-0"]
[WhiteElo "2467"]
[BlackElo "2404"]
[Annotator "Ftacnik,L"]
[PlyCount "69"]
[EventDate "2005.08.24"]
[EventType "team"]
[EventRounds "5"]
[EventCountry "ESP"]
[SourceTitle "CBM 109"]
[Source "ChessBase"]
[SourceDate "2005.11.14"]
[SourceVersion "1"]
[SourceVersionDate "2005.11.14"]
[SourceQuality "1"]

1. e4 c5 2. Nf3 e6 3. d4 cxd4 4. Nxd4 Nf6 5. Nc3 d6 6. Be2 Be7 7. O-O Nc6 8.
Be3 a6 9. f4 Bd7 10. Qe1 Nxd4 11. Bxd4 Bc6 12. Qg3 O-O 13. Rad1 Qc7 14. Kh1 b5
15. a3 Qb7 16. Bf3 a5 17. Rfe1 Ne8 $6 {Black has a wide selection of moves in
this critical position, the best might be logical continuation with
counterplay 17...b4!? Vehi Bach choses a passive move, that can not be
suggested.} (17... Rfd8 18. Nd5 exd5 19. exd5 Be8 20. Rxe7 Qxe7 21. Re1 Qf8 22.
Bxf6 Rd7 23. Be4 h6 24. Re3 {1-0 Yemelin,V (2510)-Dydyshko,V (2495)/Elista
1998/ (38)}) (17... Rac8 18. Rd3 b4 19. e5 dxe5 20. fxe5 Nd7 21. Ne4 Qb8 22.
Nd6 Bxd6 23. exd6 {1-0 Gallagher,J (2519)-Arlandi,E (2445)/Baden 1999/ (43)}) (
17... b4 $5 18. axb4 (18. e5 dxe5 19. fxe5 Nd7 20. Ne4 Kh8 21. Rd3 Rae8 22. Ng5
h6 23. Ne4 Bxe4 24. Bxe4 Qc7 25. axb4 axb4 {0-1 Gonzalez de la Torre,S (2420)
-Vazquez,R (2406)/Collado Villalba 2002/ (40)}) 18... axb4 19. e5 dxe5 (19...
Ne8 20. exd6 Bxd6 21. Ne4 g6 22. Nc5 Qc7 23. Bxc6 Qxc6 24. Qf3 Qxf3 25. gxf3 {
1-0 Nijboer,F (2578)-Kabatianski,A (2446)/Apeldoorn 2001/ (38)}) 20. fxe5 Nd7
21. Ne4 Kh8 22. Rd3 Rae8 {1/2-1/2 Ganguly,S (2498)-Prasad,D (2431)/
Kelamabakkam 2000/ (41)}) (17... g6 18. e5 (18. Qh3 b4 19. e5 dxe5 20. fxe5 Nd7
21. Ne4 Rfe8 22. Rd3 Rac8 23. axb4 axb4 24. Qh6 Qb5 {0-1 Broehl,S (2223)
-Polgar,S (2462)/Curacao 2002/ (41)}) 18... dxe5 19. fxe5 Ne8 20. Ne4 Ng7 21.
Bc5 {1-0 Satyapragyan,S (2397)-Yakivchik,M (2307)/Pardubice 2005/ (38)}) 18.
Nd5 $1 Rc8 (18... exd5 19. exd5 Qc7 (19... Bxd5 20. Bxd5 Qxd5 21. Bxg7 Qf5 22.
Bf6+ Qg6 23. Bxe7 $18) 20. dxc6 f5 21. Qh3 Rb8 22. Re2 $18) (18... Bd8 19. f5
exd5 20. exd5 Bd7 (20... Bxd5 21. Rxe8 $18) 21. Rxe8 $18) 19. Nxe7+ Qxe7 20.
Bc3 Qc7 (20... f5 $5 {It may seem strange, but black might have tried to open
up the position to break the spell of opponent's bishops pair.} 21. exf5 Bxf3
22. Qxf3 Rxf5 23. Qe3 (23. Qe4 Kf7 24. Bxa5 Nf6 25. Qxf5 exf5 26. Rxe7+ Kxe7
27. c3 Rc6 28. Bb4 $14) 23... a4 24. Qxe6+ Qxe6 25. Rxe6 Rxf4 26. Kg1 $14) 21.
Re2 Bd7 (21... Rb8 22. f5 e5 23. Rxd6 f6 24. Rd1 $16) 22. Red2 (22. e5 d5 23.
f5 exf5 24. Rxd5 Bc6 25. Rc5 $16) 22... f6 (22... Rb8 23. Rxd6 $18) 23. e5 $1 {
[%mdl 32] Rodriguez Guerrero correctly feels, that timely opening of the lines
must be favourable for him.} fxe5 (23... d5 24. Be4 Qb6 25. Bd3 b4 26. Bd4 Qc6
27. axb4 axb4 28. Ra1 Ra8 29. Rxa8 Qxa8 30. Rd1 $16) 24. fxe5 d5 25. Rd4 Qb6 (
25... Rf5 26. Bg4 Rxe5 27. Rf4 Re4 (27... Rg5 28. Bxe6+ Bxe6 29. Qxg5 $18) 28.
Rxe4 dxe4 29. Qxc7 Rxc7 30. Bxa5 $16) 26. Qe1 $6 {White plays illogical move
taking away the queen from the kingside attack. The best was the transfer of
the bishop to d3 with devastating effect.} (26. Be2 $1 Nc7 27. Bd3 $18) 26...
a4 (26... b4 27. axb4 a4 28. Rh4 $16) 27. Rh4 g6 28. Qd2 Rc4 $2 (28... Rf7 29.
Rf1 $14) 29. Bd4 Qd8 30. Qh6 Rf7 31. Be2 Rc8 (31... Rxc2 32. Bd3 Rc8 33. Bxg6
Rg7 34. Bxh7+ $18) 32. Bd3 Rg7 (32... Qe7 33. Bxg6 Rg7 34. Rf1 $18) 33. Rf1 Qe7
34. Bxg6 $1 {The defender did not manage to organize his defense on time.} Rxg6
(34... Nc7 35. Bc5 Rxg6 36. Qxg6+ hxg6 37. Bxe7 $18) 35. Rf8+ $1 (35. Rf8+ $1
Qxf8 36. Qxh7#) 1-0

[Event "FRA-ch Final stage"]
[Site "Besancon"]
[Date "1999.08.24"]
[Round "1.3"]
[White "Koch, Jean Rene"]
[Black "Lautier, Joel"]
[Result "0-1"]
[WhiteElo "2510"]
[BlackElo "2638"]
[Annotator "Ftacnik,L"]
[PlyCount "142"]
[EventDate "1999.08.23"]
[EventType "k.o."]
[EventRounds "2"]
[EventCountry "FRA"]
[SourceTitle "CBM 073"]
[Source "ChessBase"]
[SourceDate "1999.12.01"]
[SourceVersion "1"]
[SourceVersionDate "1999.12.01"]
[SourceQuality "1"]

1. e4 c5 2. Nf3 Nc6 3. d4 cxd4 4. Nxd4 Qc7 5. Nc3 e6 6. Be2 a6 7. O-O Nf6 8.
Be3 Be7 9. f4 d6 10. Qe1 O-O 11. Qg3 Nxd4 12. Bxd4 b5 13. e5 dxe5 14. fxe5 Bc5
(14... Nd7 15. Ne4 Bb7 16. Nd6 (16. Bd3 Bxe4 17. Bxe4 Bc5) 16... Bd5 17. Bd3 f6
(17... f5 18. exf6 Bxf6 19. Bxf6 Nxf6 20. Nf5 Qa7+ 21. Ne3 Qd4) 18. Qh4 h6 19.
Qg3 Rad8 20. Qg6 (20. exf6 Bxf6 21. Bxf6 Nxf6 22. Nf5 Qc5+ 23. Qe3) 20... f5)
15. Bxc5 (15. Rad1 Nd7 16. Ne4 (16. Bf3 Bb7 17. Bxb7 Qxb7 18. Bxc5 Nxc5 19. Qe3
Rac8 20. Ne2 Na4) 16... Bxd4+ 17. Rxd4 Qxe5 18. Nf6+ (18. Qf2 f5 19. Nd6 Nf6
20. Bf3 Nd5 21. Nxc8 Raxc8 22. Re1 Qc7 23. Rxe6) 18... Kh8 19. Rxd7 (19. Rh4 h6
20. Qxe5 Nxe5 21. Ne4 Bb7 22. Nd6 Bd5) 19... Qxg3 20. hxg3 gxf6 21. Rc7 Kg7 22.
Rf4 e5 23. Rb4 Be6) (15. Qe3 Nd7 16. Bf3 Bb7 17. Bxc5 Qxc5 18. Qxc5 Nxc5 19.
Bxb7 Nxb7 20. Rf4 Rac8 21. a4 bxa4 22. Raxa4) 15... Qxc5+ 16. Kh1 (16. Rf2 Nd7
17. Bf3 Rb8 18. Re1 b4 19. Na4 Qc7 20. b3 Rb5 21. Rfe2) 16... Nd7 17. Bf3 (17.
Rae1 Qxe5 (17... Bb7 18. Bd3 Qe7 19. Rf4 g6 20. Be4 Bxe4 21. Nxe4 f5 22. exf6
Nxf6 23. Qg5 Nd5 24. Qxe7 Nxe7 25. Nf6+ Kg7 26. Rxe6) 18. Qh4 Qc7 19. Bd3 g6
20. Re3 (20. Ne4) 20... Qd8 (20... Nc5 21. Bxg6 fxg6 22. Rxf8+ Kxf8 23. b4 Na4
24. Nd5 exd5 25. Qf6+ Qf7 26. Qh8+ Qg8 27. Qf6+ Qf7 28. Qh8+) 21. Qh6 f5 22.
Bxf5 (22. Rxe6 Nf6 23. Ree1 Ra7) 22... Nc5 (22... exf5 23. Rfe1 Qf6 24. Re7 Rf7
25. Nd5 Qg7) 23. Bd3 Rxf1+ 24. Bxf1 Bb7) 17... Rb8 18. Rae1 b4 19. Nd1 Bb7 (
19... Qxc2 20. Be4 Qd2 21. Bb1 Bb7 22. Ne3 Qxb2 23. Ng4 Kh8) (19... Rb5 20. c3
bxc3 21. Nxc3 Ra5 22. Re4 Qc7 23. Rfe1 Bb7 24. Rg4) 20. Bxb7 Rxb7 21. Rf2 Rc7 (
21... Qa5 22. b3 (22. Re4 Qd5 23. Re1 Qxa2) (22. c3 Qxa2 23. cxb4 Rxb4 24. Nc3
Qa5) 22... Qxa2 23. Ne3) 22. Rfe2 Rfc8 (22... Qa5 23. b3 Qxa2 24. Ne3 Rc5 25.
Nc4 a5 26. Rd2) 23. c3 a5 24. h3 h6 25. Re4 Nf8 26. cxb4 (26. Rg4 Ng6 27. h4
Qf8) 26... axb4 27. Qb3 (27. Nf2 Qa5 28. Rg4 Ng6 29. h4 b3) 27... Rb8 28. Ne3 (
28. a3 Qd5) 28... Rd7 29. a4 (29. a3 Rdb7 30. a4 Ng6) 29... Ng6 30. Nc2 Rd2 31.
Nxb4 (31. Rxb4 Rxb4 32. Nxb4 Qf2 33. Rg1 Nf4 34. Qf3 Qxf3 35. gxf3 Rxb2) 31...
Qf2 32. Qf3 (32. Rg1 Nf4 33. a5 Ne2) 32... Qxf3 33. gxf3 Rxb2 34. Nc6 R8b6 35.
Nd4 (35. Rc4 Rf2 36. Rd1 Rbb2 37. a5 Rxf3) 35... Ra2 36. Nb5 Ra6 37. Nc3 Ra3
38. Rc4 Ra5 39. f4 (39. Rd1 Nxe5 40. Rc8+ Kh7 41. Kg2 g5) 39... Nxf4 40. Rxf4
Rxc3 41. Kg2 Rcc5 42. Rb1 (42. Rfe4 Rc2+ 43. Kf3 Ra2) 42... Rxe5 43. Rb8+ Kh7
44. Rxf7 Rxa4 45. Rb3 Rg5+ 46. Kf3 (46. Kh2 Ra2+ 47. Kh1 Rf5 48. Rxf5 exf5)
46... Rh4 47. Ke2 Re5+ 48. Kd2 (48. Kf2 Rf5+) 48... Rf5 49. Re7 Re4 50. Rg3 (
50. Rb6 Rd5+ 51. Kc2 Re2+ 52. Kc1 Rh2) 50... Rd5+ 51. Kc2 Rg5 52. Rf3 (52. Rxg5
hxg5 53. Kd3 Re1 54. Kd2 Re5 55. Kd3 Kg6) 52... e5 53. Kd2 (53. Kd3 Ra4) 53...
h5 54. Re8 Rf4 55. Re3 (55. Rxf4 exf4 56. Rf8 Rg3 57. Rxf4 Rxh3) 55... Rff5 56.
Kd3 (56. h4 Rg4 57. R3xe5 Rxe5 58. Rxe5 Rxh4) 56... Kg6 57. Ke4 Kf7 58. Rh8
Rf4+ 59. Kd5 (59. Kd3 Rgf5) 59... Rd4+ 60. Kc5 Rd1 61. Kc4 Rf5 62. Ra3 Rd4+ 63.
Kc5 (63. Kc3 Rf3+) 63... Rd7 64. Kc6 Re7 65. Raa8 e4 66. Raf8+ Kg6 67. Re8 (67.
Rxf5 Kxf5 68. Rxh5+ Kf4 69. Kd6 e3 70. Kxe7 e2 71. Kf7 g5) 67... Rfe5 68. Rxe7
Rxe7 69. Rf8 (69. Kd6 e3 70. Kxe7 e2) 69... e3 70. Rf1 e2 71. Re1 Kf5 0-1